Cosmology, fusion and other matters (Record no. 4310)

MARC details
000 -LEADER
fixed length control field 00592nam a2200193Ia 4500
003 - CONTROL NUMBER IDENTIFIER
control field IN-BaIIA
008 - FIXED-LENGTH DATA ELEMENTS--GENERAL INFORMATION
fixed length control field 211028s9999 xx 000 0 eng d
020 ## - INTERNATIONAL STANDARD BOOK NUMBER
International Standard Book Number 87081-025-1
040 ## - CATALOGING SOURCE
Transcribing agency IIA Library
080 ## - UNIVERSAL DECIMAL CLASSIFICATION NUMBER
Universal Decimal Classification number 524.83
Item number COS
245 #0 - TITLE STATEMENT
Title Cosmology, fusion and other matters
Remainder of title George Gamow memorial volume
Statement of responsibility, etc. edited by Frederick Reines
260 ## - PUBLICATION, DISTRIBUTION, ETC.
Place of publication, distribution, etc. Colorado
Name of publisher, distributor, etc. Colorado Associated University Press
Date of publication, distribution, etc. 1972
300 ## - PHYSICAL DESCRIPTION
Extent xiv, 320p.
650 ## - SUBJECT ADDED ENTRY--TOPICAL TERM
Topical term or geographic name entry element Astronomy and astrophysics thesaurus
650 ## - SUBJECT ADDED ENTRY--TOPICAL TERM
Topical term or geographic name entry element Cosmology
650 ## - SUBJECT ADDED ENTRY--TOPICAL TERM
Topical term or geographic name entry element Universe
9 (RLIN) 1987
700 ## - ADDED ENTRY--PERSONAL NAME
Personal name Reines, Frederick., ed.
9 (RLIN) 7573
942 ## - ADDED ENTRY ELEMENTS (KOHA)
Koha item type Books
Holdings
Withdrawn status Lost status Damaged status Not for loan Home library Current library Shelving location Date acquired Cost, normal purchase price Total Checkouts Full call number Barcode Date last seen Cost, replacement price Price effective from Koha item type Purchase Price
        IIA Library-Bangalore IIA Library-Bangalore General Stacks 12/10/1973 132.00   524.83/ COS 4809 05/11/2021 132.00 12/10/1973 Books Rs. 132.00

Powered by Koha